000 00486nam a22001937a 4500
003 MPLRDC
005 20220104123855.0
008 210129b ||||| |||| 00| 0 eng d
020 _a957-679-097-2
082 _a177.2 ZWKT v.2
100 _aLEO HAUSER
245 _a成功的五步骤
_c冯宏友译
250 _a初版
260 _a
_b方智出版社
_c1993
300 _b
490 _a自我开拓. 2
650 _a应用心理学--成功法
942 _cBK
_o177.2 ZWKT v.2
999 _c14867
_d14857